000 01700nam0a22003251 4500
001 v19\rc\1671489
005 20230116125820.0
035 _a(NLR Aleph) 004778944
090 _a4665109
_c4665109
100 _a20061002d1893 |||y0rusy50 ca
101 0 _arus
102 _aRU
105 _aa z |||||
200 1 _aКлинический отчет о 200 чревосечениях, произведенных профессором А.И. Лебедевым с 31 октября 1884 г. по 18 апреля 1892 г.
_eДис. на степ. д-ра мед. В.Н. Орлова, орд. Акад. акушер.-гинекол. клиники
210 _aСанкт-Петербург
_cтип. С. Добродеева
_d1893
215 _a[6], 355, [3], 285, [3] с., 17 л. ил.
_cтабл.
_d22
225 1 _aСерия диссертаций, допущенных к защите в Императорской Военно-медицинской академии в 1892-93 учебном году
_v№ 36
532 1 1 _aКлинический отчет о двухстах чревосечениях, произведенных профессором А.И. Лебедевым с 31 октября 1884 г. по 18 апреля 1892 г.
700 1 _aОрлов
_bВ. Н.
_f1866-1927
_gВсеволод Николаевич
702 1 _aЛебедев
_bА. И.
_f1850-1923
_gАлексей Иванович
_4570
801 0 _aRU
_bNLR
_gpsbo
801 0 _aRU
_bRuMoRGB
_2psbo
801 1 _aRU
_bProSoft-M
_2rusmarc
852 _aNLR
_j18.309.1-5.522
899 _aRuMoRGB
_jA 205/242
899 _aRuMoRGB
_jW 446/245
899 _aБАН
942 _cBOOK
980 _aNB